[Event "Otvoreno prvenstvo Paraæina za 2012. god"]
[Site "DCK - Paraæin"]
[Date "2012.01.21"]
[Round "2.13"]
[White "Vaskovic, Dragan"]
[Black "Mladenovic, Stefan"]
[Result "1/2-1/2"]
[WhiteElo "1818"]
[BlackElo "2181"]
[PlyCount "101"]
[EventDate "2012.01.20"]

1. e4 {[%emt 0:00:00]} c5 {[%emt 0:00:00]} 2. c4 {[%emt 0:00:00]} Nc6 {[%emt 0:
00:00]} 3. g3 {[%emt 0:00:00]} g6 {[%emt 0:00:00]} 4. Bg2 {[%emt 0:00:00]} Bg7
{[%emt 0:00:00]} 5. Nc3 {[%emt 0:00:00]} Nf6 {[%emt 0:00:00]} 6. Nge2 {[%emt 0:
00:00]} O-O {[%emt 0:00:00]} 7. O-O {[%emt 0:00:00]} Ne8 {[%emt 0:00:00]} 8. d3
{[%emt 0:00:00]} Nc7 {[%emt 0:00:00]} 9. Be3 {[%emt 0:00:00]} Ne6 {[%emt 0:00:
00]} 10. Qd2 {[%emt 0:00:00]} Ned4 {[%emt 0:00:00]} 11. Bh6 {[%emt 0:00:00]} d6
{[%emt 0:00:00]} 12. Bxg7 {[%emt 0:00:00]} Kxg7 {[%emt 0:00:00]} 13. h3 {[%emt
0:00:00]} Rb8 {[%emt 0:00:00]} 14. f4 {[%emt 0:00:00]} a6 {[%emt 0:00:00]} 15.
Nxd4 {[%emt 0:00:00]} Nxd4 {[%emt 0:00:00]} 16. Ne2 {[%emt 0:00:00]} Nxe2+ {
[%emt 0:00:00]} 17. Qxe2 {[%emt 0:00:00]} b5 {[%emt 0:00:00]} 18. b3 {[%emt 0:
00:00]} bxc4 {[%emt 0:00:00]} 19. dxc4 {[%emt 0:00:00]} a5 {[%emt 0:00:00]} 20.
Rab1 {[%emt 0:00:00]} Bd7 {[%emt 0:00:00]} 21. e5 {[%emt 0:00:00]} a4 {[%emt 0:
00:00]} 22. g4 {[%emt 0:00:00]} axb3 {[%emt 0:00:00]} 23. Rxb3 {[%emt 0:00:00]}
Rxb3 {[%emt 0:00:00]} 24. axb3 {[%emt 0:00:00]} Qb6 {[%emt 0:00:00]} 25. Qb2 {
[%emt 0:00:00]} Kg8 {[%emt 0:00:00]} 26. Rd1 {[%emt 0:00:00]} Be6 {[%emt 0:00:
00]} 27. exd6 {[%emt 0:00:00]} exd6 {[%emt 0:00:00]} 28. Qc3 {[%emt 0:00:00]}
Rb8 {[%emt 0:00:00]} 29. Rd3 {[%emt 0:00:00]} Qd8 {[%emt 0:00:00]} 30. Kh2 {
[%emt 0:00:00]} Rb6 {[%emt 0:00:00]} 31. Qa5 {[%emt 0:00:00]} Qb8 {[%emt 0:00:
00]} 32. Qa8 {[%emt 0:00:00]} Qxa8 {[%emt 0:00:00]} 33. Bxa8 {[%emt 0:00:00]}
h5 {[%emt 0:00:00]} 34. Kg3 {[%emt 0:00:00]} Ra6 {[%emt 0:00:00]} 35. Bd5 {
[%emt 0:00:00]} Bd7 {[%emt 0:00:00]} 36. gxh5 {[%emt 0:00:00]} gxh5 {[%emt 0:
00:00]} 37. Kh4 {[%emt 0:00:00]} Ra1 {[%emt 0:00:00]} 38. Kxh5 {[%emt 0:00:00]}
Rf1 {[%emt 0:00:00]} 39. Kg5 {[%emt 0:00:00]} Kg7 {[%emt 0:00:00]} 40. Rg3 {
[%emt 0:00:00]} Re1 {[%emt 0:00:00]} 41. f5 {[%emt 0:00:00]} Re5 {[%emt 0:00:
00]} 42. Rf3 {[%emt 0:00:00]} f6+ {[%emt 0:00:00]} 43. Kg4 {[%emt 0:00:00]} Kh6
{[%emt 0:00:00]} 44. h4 {[%emt 0:00:00]} Re1 {[%emt 0:00:00]} 45. Bf7 {[%emt 0:
00:00]} Re4+ {[%emt 0:00:00]} 46. Kg3 {[%emt 0:00:00]} Re5 {[%emt 0:00:00]} 47.
Bg6 {[%emt 0:00:00]} d5 {[%emt 0:00:00]} 48. cxd5 {[%emt 0:00:00]} Rxd5 {[%emt
0:00:00]} 49. Kg4 {[%emt 0:00:00]} Rd4+ {[%emt 0:00:00]} 50. Rf4 {[%emt 0:00:
00]} Rd1 {[%emt 0:00:00]} 51. Rc4 {[%emt 0:00:00]} 1/2-1/2

[Event "Otvoreno prvenstvo Paraæina za 2012. god"]
[Site "DCK - Paraæin"]
[Date "2012.01.21"]
[Round "2.14"]
[White "Colovic, Zoran"]
[Black "Zajic, Milun"]
[Result "0-1"]
[WhiteElo "2168"]
[BlackElo "1809"]
[PlyCount "72"]
[EventDate "2012.01.20"]

1. e4 {[%emt 0:00:00]} d5 {[%emt 0:00:00]} 2. e5 {[%emt 0:00:00]} Bf5 {[%emt 0:
00:00]} 3. d4 {[%emt 0:00:00]} e6 {[%emt 0:00:00]} 4. Nf3 {[%emt 0:00:00]} c5 {
[%emt 0:00:00]} 5. c3 {[%emt 0:00:00]} Nc6 {[%emt 0:00:00]} 6. Be2 {[%emt 0:00:
00]} cxd4 {[%emt 0:00:00]} 7. cxd4 {[%emt 0:00:00]} Bb4+ {[%emt 0:00:00]} 8.
Nc3 {[%emt 0:00:00]} a6 {[%emt 0:00:00]} 9. O-O {[%emt 0:00:00]} Nge7 {[%emt 0:
00:00]} 10. a3 {[%emt 0:00:00]} Ba5 {[%emt 0:00:00]} 11. b4 {[%emt 0:00:00]}
Bc7 {[%emt 0:00:00]} 12. Na4 {[%emt 0:00:00]} b6 {[%emt 0:00:00]} 13. Bg5 {
[%emt 0:00:00]} O-O {[%emt 0:00:00]} 14. Rc1 {[%emt 0:00:00]} f6 {[%emt 0:00:
00]} 15. exf6 {[%emt 0:00:00]} gxf6 {[%emt 0:00:00]} 16. Bh6 {[%emt 0:00:00]}
Rf7 {[%emt 0:00:00]} 17. Nh4 {[%emt 0:00:00]} Bg6 {[%emt 0:00:00]} 18. Bh5 {
[%emt 0:00:00]} Qd6 {[%emt 0:00:00]} 19. f4 {[%emt 0:00:00]} Kh8 {[%emt 0:00:
00]} 20. Qg4 {[%emt 0:00:00]} Rg8 {[%emt 0:00:00]} 21. Rc3 {[%emt 0:00:00]}
Nxd4 {[%emt 0:00:00]} 22. Bxg6 {[%emt 0:00:00]} hxg6 {[%emt 0:00:00]} 23. Rh3 {
[%emt 0:00:00]} Rh7 {[%emt 0:00:00]} 24. Nf3 {[%emt 0:00:00]} Nxf3+ {[%emt 0:
00:00]} 25. Rfxf3 {[%emt 0:00:00]} Nf5 {[%emt 0:00:00]} 26. Bg5 {[%emt 0:00:00]
} fxg5 {[%emt 0:00:00]} 27. Rxh7+ {[%emt 0:00:00]} Kxh7 {[%emt 0:00:00]} 28.
Qxg5 {[%emt 0:00:00]} Qd8 {[%emt 0:00:00]} 29. Qg4 {[%emt 0:00:00]} Kg7 {[%emt
0:00:00]} 30. g3 {[%emt 0:00:00]} b5 {[%emt 0:00:00]} 31. Nc5 {[%emt 0:00:00]}
Bb6 {[%emt 0:00:00]} 32. h4 {[%emt 0:00:00]} Rh8 {[%emt 0:00:00]} 33. Rc3 {
[%emt 0:00:00]} Qf6 {[%emt 0:00:00]} 34. Qf3 {[%emt 0:00:00]} Nd4 {[%emt 0:00:
00]} 35. Qd3 {[%emt 0:00:00]} Ne2+ {[%emt 0:00:00]} 36. Qxe2 {[%emt 0:00:00]}
Qxc3 {[%emt 0:00:00]} 0-1

[Event "Otvoreno prvenstvo Paraæina za 2012. god"]
[Site "DCK - Paraæin"]
[Date "2012.01.21"]
[Round "2.15"]
[White "Milosavljevic, Delimir"]
[Black "Grujic, Nebojsa"]
[Result "1/2-1/2"]
[WhiteElo "1804"]
[BlackElo "2160"]
[PlyCount "27"]
[EventDate "2012.01.20"]

1. c4 {[%emt 0:00:00]} f5 {[%emt 0:00:00]} 2. Nc3 {[%emt 0:00:00]} Nf6 {[%emt
0:00:00]} 3. d4 {[%emt 0:00:00]} g6 {[%emt 0:00:00]} 4. g3 {[%emt 0:00:00]} Bg7
{[%emt 0:00:00]} 5. Bg2 {[%emt 0:00:00]} O-O {[%emt 0:00:00]} 6. e3 {[%emt 0:
00:00]} d6 {[%emt 0:00:00]} 7. Nge2 {[%emt 0:00:00]} c6 {[%emt 0:00:00]} 8. O-O
{[%emt 0:00:00]} Qe8 {[%emt 0:00:00]} 9. Rb1 {[%emt 0:00:00]} e5 {[%emt 0:00:
00]} 10. b3 {[%emt 0:00:00]} e4 {[%emt 0:00:00]} 11. Ba3 {[%emt 0:00:00]} Qe7 {
[%emt 0:00:00]} 12. Qc2 {[%emt 0:00:00]} Na6 {[%emt 0:00:00]} 13. Rbd1 {[%emt
0:00:00]} Nc7 {[%emt 0:00:00]} 14. h3 {[%emt 0:00:00]} 1/2-1/2

[Event "Otvoreno prvenstvo Paraæina za 2012. god"]
[Site "DCK - Paraæin"]
[Date "2012.01.21"]
[Round "2.16"]
[White "Zajic, Milan"]
[Black "Antonijevic, Milutin"]
[Result "1-0"]
[WhiteElo "2142"]
[BlackElo "1802"]
[PlyCount "89"]
[EventDate "2012.01.20"]

1. e4 {[%emt 0:00:00]} c5 {[%emt 0:00:00]} 2. Nf3 {[%emt 0:00:00]} Nc6 {[%emt
0:00:00]} 3. d4 {[%emt 0:00:00]} cxd4 {[%emt 0:00:00]} 4. Nxd4 {[%emt 0:00:00]}
d6 {[%emt 0:00:00]} 5. Nc3 {[%emt 0:00:00]} e6 {[%emt 0:00:00]} 6. Be2 {[%emt
0:00:00]} Nf6 {[%emt 0:00:00]} 7. O-O {[%emt 0:00:00]} Be7 {[%emt 0:00:00]} 8.
Kh1 {[%emt 0:00:00]} Nxd4 {[%emt 0:00:00]} 9. Qxd4 {[%emt 0:00:00]} Bd7 {[%emt
0:00:00]} 10. f4 {[%emt 0:00:00]} O-O {[%emt 0:00:00]} 11. e5 {[%emt 0:00:00]}
Ne8 {[%emt 0:00:00]} 12. Be3 {[%emt 0:00:00]} Bc6 {[%emt 0:00:00]} 13. Bf3 {
[%emt 0:00:00]} Bxf3 {[%emt 0:00:00]} 14. Rxf3 {[%emt 0:00:00]} dxe5 {[%emt 0:
00:00]} 15. fxe5 {[%emt 0:00:00]} Qxd4 {[%emt 0:00:00]} 16. Bxd4 {[%emt 0:00:
00]} Nc7 {[%emt 0:00:00]} 17. Rd3 {[%emt 0:00:00]} b6 {[%emt 0:00:00]} 18. a4 {
[%emt 0:00:00]} Bb4 {[%emt 0:00:00]} 19. Ne4 {[%emt 0:00:00]} Nd5 {[%emt 0:00:
00]} 20. Rad1 {[%emt 0:00:00]} Rac8 {[%emt 0:00:00]} 21. c3 {[%emt 0:00:00]}
Be7 {[%emt 0:00:00]} 22. b3 {[%emt 0:00:00]} Rc6 {[%emt 0:00:00]} 23. Bg1 {
[%emt 0:00:00]} f5 {[%emt 0:00:00]} 24. exf6 {[%emt 0:00:00]} Bxf6 {[%emt 0:00:
00]} 25. c4 {[%emt 0:00:00]} Nf4 {[%emt 0:00:00]} 26. Rd7 {[%emt 0:00:00]} a6 {
[%emt 0:00:00]} 27. Nxf6+ {[%emt 0:00:00]} Rxf6 {[%emt 0:00:00]} 28. Bd4 {
[%emt 0:00:00]} Rg6 {[%emt 0:00:00]} 29. Be5 {[%emt 0:00:00]} Nd5 {[%emt 0:00:
00]} 30. cxd5 {[%emt 0:00:00]} exd5 {[%emt 0:00:00]} 31. R7xd5 {[%emt 0:00:00]}
h6 {[%emt 0:00:00]} 32. h3 {[%emt 0:00:00]} Rc2 {[%emt 0:00:00]} 33. R1d2 {
[%emt 0:00:00]} Rc1+ {[%emt 0:00:00]} 34. Kh2 {[%emt 0:00:00]} Re6 {[%emt 0:00:
00]} 35. Bb2 {[%emt 0:00:00]} Rb1 {[%emt 0:00:00]} 36. Rd8+ {[%emt 0:00:00]}
Kh7 {[%emt 0:00:00]} 37. R8d7 {[%emt 0:00:00]} Rg6 {[%emt 0:00:00]} 38. R7d3 {
[%emt 0:00:00]} b5 {[%emt 0:00:00]} 39. a5 {[%emt 0:00:00]} Re6 {[%emt 0:00:00]
} 40. Bd4 {[%emt 0:00:00]} Ree1 {[%emt 0:00:00]} 41. Bc5 {[%emt 0:00:00]} Rh1+
{[%emt 0:00:00]} 42. Kg3 {[%emt 0:00:00]} Rhe1 {[%emt 0:00:00]} 43. b4 {[%emt
0:00:00]} Re6 {[%emt 0:00:00]} 44. Rd6 {[%emt 0:00:00]} Rb3+ {[%emt 0:00:00]}
45. Kh2 {[%emt 0:00:00]} 1-0

[Event "Otvoreno prvenstvo Paraæina za 2012. god"]
[Site "DCK - Paraæin"]
[Date "2012.01.21"]
[Round "2.17"]
[White "Vebel, Goran"]
[Black "Stefanovic, Rade"]
[Result "1-0"]
[WhiteElo "2123"]
[BlackElo "1657"]
[PlyCount "71"]
[EventDate "2012.01.20"]

1. d4 {[%emt 0:00:00]} Nf6 {[%emt 0:00:00]} 2. c4 {[%emt 0:00:00]} d5 {[%emt 0:
00:00]} 3. cxd5 {[%emt 0:00:00]} Qxd5 {[%emt 0:00:00]} 4. Nc3 {[%emt 0:00:00]}
Qd8 {[%emt 0:00:00]} 5. e4 {[%emt 0:00:00]} e6 {[%emt 0:00:00]} 6. Be3 {[%emt
0:00:00]} Be7 {[%emt 0:00:00]} 7. Bd3 {[%emt 0:00:00]} c6 {[%emt 0:00:00]} 8.
h3 {[%emt 0:00:00]} h5 {[%emt 0:00:00]} 9. Nf3 {[%emt 0:00:00]} b6 {[%emt 0:00:
00]} 10. O-O {[%emt 0:00:00]} Ba6 {[%emt 0:00:00]} 11. Bxa6 {[%emt 0:00:00]}
Nxa6 {[%emt 0:00:00]} 12. Qa4 {[%emt 0:00:00]} Nb8 {[%emt 0:00:00]} 13. Rad1 {
[%emt 0:00:00]} O-O {[%emt 0:00:00]} 14. Ne5 {[%emt 0:00:00]} b5 {[%emt 0:00:
00]} 15. Qc2 {[%emt 0:00:00]} a5 {[%emt 0:00:00]} 16. f4 {[%emt 0:00:00]} Nfd7
{[%emt 0:00:00]} 17. f5 {[%emt 0:00:00]} Bg5 {[%emt 0:00:00]} 18. Qd2 {[%emt 0:
00:00]} Bxe3+ {[%emt 0:00:00]} 19. Qxe3 {[%emt 0:00:00]} Qe7 {[%emt 0:00:00]}
20. Nxd7 {[%emt 0:00:00]} Nxd7 {[%emt 0:00:00]} 21. e5 {[%emt 0:00:00]} exf5 {
[%emt 0:00:00]} 22. Rxf5 {[%emt 0:00:00]} g6 {[%emt 0:00:00]} 23. Rf2 {[%emt 0:
00:00]} Rae8 {[%emt 0:00:00]} 24. Re1 {[%emt 0:00:00]} Qe6 {[%emt 0:00:00]} 25.
Qf3 {[%emt 0:00:00]} b4 {[%emt 0:00:00]} 26. d5 {[%emt 0:00:00]} cxd5 {[%emt 0:
00:00]} 27. Nxd5 {[%emt 0:00:00]} Kg7 {[%emt 0:00:00]} 28. Rfe2 {[%emt 0:00:00]
} Qf5 {[%emt 0:00:00]} 29. Qxf5 {[%emt 0:00:00]} gxf5 {[%emt 0:00:00]} 30. Nf6
{[%emt 0:00:00]} Rd8 {[%emt 0:00:00]} 31. Nxh5+ {[%emt 0:00:00]} Kh6 {[%emt 0:
00:00]} 32. Nf4 {[%emt 0:00:00]} Rfe8 {[%emt 0:00:00]} 33. e6 {[%emt 0:00:00]}
fxe6 {[%emt 0:00:00]} 34. Rxe6+ {[%emt 0:00:00]} Rxe6 {[%emt 0:00:00]} 35.
Rxe6+ {[%emt 0:00:00]} Kh7 {[%emt 0:00:00]} 36. Rd6 {[%emt 0:00:00]} 1-0

[Event "Otvoreno prvenstvo Paraæina za 2012. god"]
[Site "DCK - Paraæin"]
[Date "2012.01.21"]
[Round "2.18"]
[White "Lazovic, Bozidar"]
[Black "Lazic, Milan B"]
[Result "1/2-1/2"]
[WhiteElo "1779"]
[BlackElo "2098"]
[PlyCount "29"]
[EventDate "2012.01.20"]

1. d4 {[%emt 0:00:00]} Nf6 {[%emt 0:00:00]} 2. Nf3 g6 3. g3 Bg7 4. Bg2 d5 5.
O-O O-O 6. Nbd2 Nbd7 7. Nb3 c6 8. c3 h6 9. Re1 Re8 10. Bf4 Nh5 11. Qc1 Kh7 12.
e4 dxe4 13. Rxe4 Ndf6 14. Re1 Nxf4 15. Qxf4 1/2-1/2